Tục ngữ và Thành ngữ người Thái Mương (ở Tương Dương - Nghệ An) : Song ngữ Thái - Việt
Nội dung sách giới thiệu một vài quy ước về thành ngữ, tục ngữ của người Thái Mương. Phần phiên âm tục ngữ, thành ngữ người Thái Mương.
Zapisane w:
| 1. autor: | |
|---|---|
| Format: | Książka |
| Język: | Undetermined |
| Wydane: |
Hà Nội
Sân khấu
2016
|
| Hasła przedmiotowe: | |
| Etykiety: |
Dodaj etykietę
Nie ma etykietki, Dołącz pierwszą etykiete!
|
| Thư viện lưu trữ: | Trung tâm Học liệu Trường Đại học Cần Thơ |
|---|
| LEADER | 00915nam a2200205Ia 4500 | ||
|---|---|---|---|
| 001 | CTU_226404 | ||
| 008 | 210402s9999 xx 000 0 und d | ||
| 082 | |a 398.909597 | ||
| 082 | |b D428/T.3 | ||
| 100 | |a Trần, Trí Dõi | ||
| 245 | 0 | |a Tục ngữ và Thành ngữ người Thái Mương (ở Tương Dương - Nghệ An) : | |
| 245 | 0 | |b Song ngữ Thái - Việt | |
| 245 | 0 | |c Trần Trí Dõi, Vi Khăm Mun | |
| 260 | |a Hà Nội | ||
| 260 | |b Sân khấu | ||
| 260 | |c 2016 | ||
| 520 | |a Nội dung sách giới thiệu một vài quy ước về thành ngữ, tục ngữ của người Thái Mương. Phần phiên âm tục ngữ, thành ngữ người Thái Mương. | ||
| 650 | |a Tục ngữ, người Việt,Proverbs, Vietnamese | ||
| 910 | |b dqhieu | ||
| 980 | |a Trung tâm Học liệu Trường Đại học Cần Thơ | ||